| 000 | 01164nam a22003135a 4500 | ||
|---|---|---|---|
| 003 | OSt | ||
| 005 | 20170815104014.0 | ||
| 008 | 170710s2008 jo a grb 000 0 ara d | ||
| 017 | _a2007 / 4 /1123 | ||
| 020 | _a9957163297 | ||
| 040 |
_aEG-ScBUE _bara _cEG-ScBUE |
||
| 043 | _af-ly--- | ||
| 082 | 0 | 4 |
_a336.271409612 _bع ل و _222 |
| 100 | 1 | _aعلوان، قاسم نايف. | |
| 245 | 1 | 0 |
_aضريبة القيمة المضافة : _bالمفاهيم، القياس، التطبيق / _cقاسم نايف علوان، نجية ميلاد الزياني. |
| 250 | _aط. 1. | ||
| 260 |
_aعمان : _bدار الثقافة للنشر والتوزيع، _c2008. |
||
| 300 |
_a336 ص. : _bإيض. ؛ _c24 سم. |
||
| 504 | _aببليوجرافية : ص. 329-336. | ||
| 541 | _aإهداء من مكتبة مدبولي. | ||
| 590 | _aWessam | ||
| 650 | 7 |
_aضرائب القيمة المضافة. _2BUEsh |
|
| 650 | 7 |
_aضرائب القيمة المضافة _zليبيا. _2BUEsh |
|
| 650 | 7 |
_aالضرائب غير المباشرة. _2BUEsh |
|
| 651 | _2BUEsh | ||
| 653 |
_bBUSECO _cJuly2017 |
||
| 700 | 1 | _aزياني، نجية ميلاد. | |
| 942 | _2ddc | ||
| 999 |
_c25017 _d24989 |
||